Normal view
MARC view
- Furqan Waris
Entry Personal Name
001 - CONTROL NUMBER
- control field: 100759
003 - CONTROL NUMBER IDENTIFIER
- control field: NUST
005 - DATE AND TIME OF LATEST TRANSACTION
- control field: 20221019111257.0
008 - FIXED-LENGTH DATA ELEMENTS
- fixed length control field: 221019|| aca||aabn | a|a d
040 ## - CATALOGING SOURCE
- Original cataloging agency: NUST
- Transcribing agency: NUST
100 ## - HEADING--PERSONAL NAME
- Personal name: Furqan Waris
670 ## - SOURCE DATA FOUND
- Source citation: Work cat.: (NUST): Furqan Waris , TH-SOF-2061-Design and Implementation of Flying Capacitor Type Inverter Topology for Single Phase AC Load, 2022.
